书目信息 |
| 题名: |
國學研究
|
|
| 作者: | 袁行霈 主编 | |
| 分册: | 第二十二卷 | |
| 出版信息: | 北京 北京大学出版社 2008.12 |
|
| 页数: | 405页 | |
| 开本: | 26cm | |
| 丛书名: | ||
| 单 册: | ||
| 中图分类: | Z126.27 | |
| 科图分类: | ||
| 主题词: | 国学--guo xue--中国--文集 | |
| 电子资源: | ||
| ISBN: | 978-7-301-14298-1 | |
| 000 | 01025nam0 2200277 450 | |
| 001 | 012009968527 | |
| 005 | 20090430150239.01 | |
| 010 | @a978-7-301-14298-1@dCNY60.00 | |
| 100 | @a20090430d2008 em y0chiy0120 ea | |
| 101 | 0 | @achi |
| 102 | @aCN@b110000 | |
| 105 | @ak z 000yy | |
| 106 | @ar | |
| 200 | 1 | @a國學研究@Aguo xue yan jiu@h第二十二卷@f袁行霈主编@Fyuan xing pei zhu bian |
| 210 | @a北京@c北京大学出版社@d2008.12 | |
| 215 | @a405页@d26cm | |
| 300 | @a南怀瑾、查良镛等先生暨全国高等院校古籍整理研究工作委员会资助出版 | |
| 312 | @a英文并列题名取自封底 | |
| 330 | @a本书内容有《天聖令》所附《唐令》为建中令辩、永固陵与北魏政治、《周礼》“古字”新证、先秦四部子书小说成分考辨、曾布《水调歌头》大曲述略、四十七部元刻元人别集录等。 | |
| 510 | 1 | @aStudies in sinology@hVolume XXII@zeng |
| 518 | 1 | @a国学研究@Aguo xue yan jiu |
| 606 | 0 | @a国学@Aguo xue@y中国@j文集 |
| 690 | @aZ126.27@v4 | |
| 701 | 0 | @a袁行霈@Ayuan xing pei@4主编 |
| 801 | 0 | @aCN@bQSSK@c20090430 |
| 905 | @b738407-09@dZ126.27@eY914:22@f3 | |
| 國學研究.第二十二卷/袁行霈主编.-北京:北京大学出版社,2008.12 |
| 405页;26cm |
| 南怀瑾、查良镛等先生暨全国高等院校古籍整理研究工作委员会资助出版 |
| ISBN 978-7-301-14298-1:CNY60.00 |
| 本书内容有《天聖令》所附《唐令》为建中令辩、永固陵与北魏政治、《周礼》“古字”新证、先秦四部子书小说成分考辨、曾布《水调歌头》大曲述略、四十七部元刻元人别集录等。 |
| ● |
| 相关链接 |
|
|
|
正题名:國學研究
索取号:Z126.27/Y914:22
 
预约/预借
| 序号 | 登录号 | 条形码 | 馆藏地/架位号 | 状态 | 备注 |
| 1 | 738407 | 207384070 | 期刊室512/501自科库 124排2列5层/ [索取号:Z126.27/Y914:22] | 在馆 | |
| 2 | 738408 | 207384089 | 自科库501/501自科库 124排2列5层/ [索取号:Z126.27/Y914:22] | 在馆 | |
| 3 | 738409 | 207384098 | 自科库501/501自科库 124排2列5层/ [索取号:Z126.27/Y914:22] | 在馆 |